| 000 | 00493nam a2200181 a 4500 | ||
|---|---|---|---|
| 005 | 20210219152840.0 | ||
| 008 | 991125n 000 0 spa u | ||
| 035 | _aUPN01000062770 | ||
| 100 | _aLORENZANA BASILIO, Humberto | ||
| 222 | _aEDUCACION ESPECIAL | ||
| 245 | _aLa actividad cognoscitiva y la deficiencia mental | ||
| 300 | _a36-43 | ||
| 362 | _a1973 Año 2, no. 7, abr.-may. | ||
| 653 | 0 | _aPERSONALIDAD | |
| 653 | 0 | _aRETRASO MENTAL | |
| 904 |
_aAC _b000581 |
||
| 905 | _aArticulo | ||
| 999 |
_c61872 _d61872 |
||